01322cam a2200301Ia 4500001000700000003000600007005001700013008004100030020001500071020001800086035002300104035002000127040004700147050002100194082001900215100002300234245012200257260004300379300002100422504006400443505034300507650002200850650003800872650005000910650002100960700002100981700001801002226501GBCCL20241126110527.0020111s2001 miu b 001 0 eng d a0825427355 a9780825427350 a(OCoLC)ocm48770975 a(OCoLC)48770975 aNA5cNA5dWTSdOCLCQdBAKERdAU@dCBCdVLB 4aBT131b.G45 200104a231.4221bGEI1 aGeisler, Norman L.14aThe battle for God :bresponding to the challenge of neotheism /cNormal L. Geisler, H. Wayne House with Max Herrera. aGrand Rapids, Mich. :bKregel,cc2001. a336 p. ;c19 cm. aIncludes bibliographical references (p. 323-329) and index.0 aAcknowledgements -- 1. Neotheism and the Doctrine of God -- 2. Omniscience -- 3. Eternality -- 4. Immutability -- 5. Simplicity -- 6. Impassibility -- 7. Relatability to the World -- 8. Sovereignty -- 9. Theological Dangers of Neotheism -- 10. Practical Dangers or Neotheism -- 11. Is Neotheism Orthodox? -- Appendices -- Sources -- Index 0aGodxOmniscience. 0aProvidence and government of God. 0aFree will and determinismxBiblical teaching. 0aGodxAttributes.1 aHouse, H. Wayne.1 aHerrera, Max.